[Event "Werther Schloss op-B 8th"]
[Site "Werther"]
[Date "2002.03.24"]
[Round "5"]
[White "Gentemann, Moritz"]
[Black "Henze, Ruediger"]
[Result "1-0"]
[WhiteElo "1865"]
[BlackElo "1801"]
[PlyCount "77"]
[EventDate "2002.03.22"]
[EventType "swiss"]
[EventRounds "5"]
[EventCountry "GER"]
[SourceTitle "EXT 2006"]
[Source "ChessBase"]
[SourceDate "2005.11.24"]
[SourceVersion "1"]
[SourceVersionDate "2005.11.24"]
[SourceQuality "1"]

1. e4 c6 2. d4 d5 3. Nc3 dxe4 4. Nxe4 Bf5 5. Ng3 Bg6 6. f4 e6 7. Nf3 Nd7 8. Bd3 Bxd3 9. Qxd3 Ngf6 10. f5 Bd6 11. Ne2 Qa5+ 12. c3 Qxf5 13. Qxf5 exf5 14. Bf4 Bxf4 15. Nxf4 Ne4 16. 0-0 f6 17. Rae1 Kf7 18. d5 cxd5 19. Nxd5 g6 20. g4 Rae8 21. gxf5 gxf5 22. Rd1 Rhg8+ 23. Kh1 Ne5 24. Nxe5+ Rxe5 25. c4 Rg5 26. b4 Re8 27. Nf4 Reg8 28. Rf3 Rg4 29. c5 Ke8 30. Ne6 Ke7 31. Nd4 Rg2 32. Nxf5+ Kf8 33. Rd8+ Kf7 34. Nh6+ Ke7 35. Rxg8 Rxa2 36. Re3 Ra1+ 37. Kg2 f5 38. Nxf5+ Kf7 39. Nh6+ 1-0